Det. John Munch Is Everywhere Quiz Stats

Quiz Updated Feb 22, 2012

Challenge
Share
Tweet
Embed
Score 0/9 Timer 02:00
0 Plays Today
Show Title % Correct
Law & Order
96.9%
Law & Order: Special Victims Unit
88.3%
Homicide: Life on the Street
54%
The Wire
19.9%
Law & Order: Trial by Jury
16.8%
The X-Files
16.7%
Arrested Development
12.7%
The Beat
5.1%
30 Rock
4.6%

You're not logged in!

Compare scores with friends on all Sporcle quizzes.
Join for Free
OR
Log In

You Might Also Like...

Show Comments

Extras

Top Quizzes Today


Score Distribution

Your Account Isn't Verified!

In order to create a playlist on Sporcle, you need to verify the email address you used during registration. Go to your Sporcle Settings to finish the process.

Report this User

Report this user for behavior that violates our Community Guidelines.

Details: